| 000 | 01244cam a2200265 4500 | ||
|---|---|---|---|
| 001 | ABS64899 | ||
| 008 | 020103n2001 000 0 eng u | ||
| 035 | _a(Sirsi) u116112 | ||
| 100 | _aHall, B. | ||
| 245 | _aFlooding: pool your information | ||
| 260 | _c2001 | ||
| 490 |
_aCSM _bChartered Surveyor Monthly _vNovember & December 2001, 28-29(2) |
||
| 520 | _aGives details of the RICS Residential Faculty's new guidance on evaluating flooding risks for surveyors undertaking building or valuation surveys. Lists many of the external factors which may constitute a form of risk assessment for a property. Argues that it is still unclear on how much disclosure the chartered surveyor should be liable for. Outlines previous advice on this issue including planning poicy guidance notes on the limitations of building on flood plains and the results of some recent law cases. | ||
| 590 | _aABS | ||
| 650 | _aPPG25 | ||
| 650 | _aFLOODING | ||
| 650 | _aFLOOD PLAINS | ||
| 650 | _aRICS FLOOD AND COASTAL EROSION WORKING GROUP | ||
| 650 | _aCHECKLIST | ||
| 650 | _aRICS GUIDELINES | ||
| 650 | _aRISK ASSESSMENT | ||
| 650 | _aENVIRONMENT AGENCY | ||
| 690 | _aENVIRONMENTAL AND LAND CONSULTANCY-ENVIRONMENTAL MANAGEMENT | ||
| 942 | _n0 | ||
| 999 |
_c69168 _d69168 |
||